But is it a contract? (Record no. 74822)

MARC details
000 -LEADER
fixed length control field 01132cab a2200205 4500
001 - CONTROL NUMBER
control field ABS68693
008 - FIXED-LENGTH DATA ELEMENTS--GENERAL INFORMATION
fixed length control field 050221n2005 000 0 eng u
035 ## - SYSTEM CONTROL NUMBER
System control number (Sirsi) u128854
100 ## - MAIN ENTRY--PERSONAL NAME
Personal name Cottam, G.
245 ## - TITLE STATEMENT
Title But is it a contract?
260 ## - PUBLICATION, DISTRIBUTION, ETC.
Date of publication, distribution, etc. 2005
490 ## - SERIES STATEMENT
Series statement Construction News
Volume/sequential designation (6903) 10 February 2005, 31(1)
520 ## - SUMMARY, ETC.
Summary, etc. Stresses the importance for construction professionals for having a carefully worded contract before any work is started. If standard conditions are to be included in a contract the appendices must be completed. Illustrates this with reference to a recent case, "Bryen and Langley Ltd v Boston" ([2004] EWHC 2450 (TCC), Abs68430). Here a dispute arose over whether JCT conditions formed part of the contract, and this voided an adjudicator's decision that money was owed for a flat conversion that went well over the anticipated contract sum.
590 ## - LOCAL NOTE (RLIN)
Local note ABS
650 ## - SUBJECT ADDED ENTRY--TOPICAL TERM
Topical term or geographic name entry element BRYEN AND LANGLEY LTD V BOSTON
650 ## - SUBJECT ADDED ENTRY--TOPICAL TERM
Topical term or geographic name entry element JCT 1998 PRIVATE WITH QUANTITIES
650 ## - SUBJECT ADDED ENTRY--TOPICAL TERM
Topical term or geographic name entry element UNFAIR TERMS IN CONSUMER CONTRACTS REGULATIONS 1999
690 ## - LOCAL SUBJECT ADDED ENTRY--TOPICAL TERM (OCLC, RLIN)
Topical term or geographic name as entry element BUILT ENVIRONMENT-BUILDING CONTRACT FORMS
942 ## - ADDED ENTRY ELEMENTS (KOHA)
Suppress in OPAC 0
Holdings
Withdrawn status Lost status Source of classification or shelving scheme Damaged status Not for loan Home library Current library Shelving location Date acquired Total Checkouts Full call number Barcode Date last seen Copy number Price effective from Koha item type
    Dewey Decimal Classification     London London Journal article 21/02/2005   ABS68693 128854-1001 06/08/2019 1 06/08/2019 Journal article